000 00703nam a2200289Ia 4500
005 20260324135119.0
008 008 260324s9999 xx 000 0 eng d
020 _a9781315188164
037 _aEBOOK
040 _aCRL
040 _beng
040 _cCRL
041 _2eng
041 _aeng
084 _qCRL
100 _aCecile Dubernet
_91199389
245 4 _aThe International Containment of Displaced Persons
245 0 _bHumanitarian Spaces without Exit
260 _bTaylor and Francis
260 _c2001
365 _a
365 _b205
856 _uhttp://www.taylorfrancis.com/books/9781315188164
942 _cEBOOK
999 _c1800133
_d1800133